| 000 | 00987nam a2200277 i 4500 | ||
|---|---|---|---|
| 001 | bg | ||
| 100 | 1 |
_aStefańczyk, Bogusław _d(1934- ). |
|
| 245 | 1 | 0 |
_aMieszanki mineralno-asfaltowe : _bwykonawstwo i badania / _cBogusław Stefańczyk, Paweł Mieczkowski. |
| 260 |
_aWarszawa : _bWydawnictwa Komunikacji i Łączności, _c2008. |
||
| 300 |
_a322 s., [4] s. tabl. kolor. : _bil. ; _c25 cm. |
||
| 504 | _aBibliogr. s. 319-222. | ||
| 521 | _aDla studentów wydziałów inżynierii lądowej i budownictwa. | ||
| 650 | 9 |
_aDrogi asfaltowe _xmateriały |
|
| 650 | 9 | _aBeton asfaltowy | |
| 650 | 9 | _aMateriały wiążące | |
| 700 | 1 | _aMieczkowski, Paweł. | |
| 020 | _a9788320616767 | ||
| 040 | _cBPK | ||
| 041 | 0 | _apol | |
| 044 | _aPOL | ||
| 080 | _a625.8:665.6/.7:666.9:539.3/.5](075.8) | ||
| 920 | _a978-83-206-1676-7 | ||
| 942 | _cKS | ||
| 008 | s pl f |000 0 pol | ||
| 999 |
_c55597 _d55597 |
||
| 856 |
_uhttp://koha.tu.koszalin.pl/cgi-bin/koha/opac-detail.pl?biblionumber=55597 _yKatalog online BPK |
||